[Event "Floripa Chess Open 2024"]
[Site "Florianopolis"]
[Date "2024.01.27"]
[Round "9.101"]
[White "Cavalcante, Adriano Nunes"]
[Black "De Menezes, Ricardo Fagner Dias"]
[Result "0-1"]
[WhiteElo "1878"]
[BlackElo "1675"]
[PlyCount "72"]
[EventDate "2024.01.20"]
[EventRounds "10"]
[EventCountry "BRA"]

1. d4 d5 2. c4 c6 3. Nf3 Nf6 4. Nc3 e6 5. Bg5 Be7 6. e3 Nbd7 7. Rc1 O-O 8. Bd3
b6 9. cxd5 exd5 10. O-O Bb7 11. Qe2 h6 ({RR} 11... Re8 12. Rfd1 a5 13. Qc2 g6
14. Bxf6 Bxf6 15. e4 Nf8 16. exd5 cxd5 17. Qb3 Rc8 18. Bf1 {1/2-1/2 (18)
Murugan,K (2460)-Dzyuban,O (2395) Alma-Ata 1989}) ({RR} 11... Ne4 12. Bf4 Ndf6
13. Ne5 c5 14. Rfd1 Nxc3 15. bxc3 c4 16. Bb1 b5 17. Qb2 Qa5 18. Rc2 Nh5 19. Bg3
Nxg3 20. hxg3 Rfd8 21. Re2 Bf6 22. Ng4 Be7 23. Ne5 Rd6 24. e4 dxe4 25. Bxe4
Bxe4 26. Rxe4 {Mejias Nunez,R (1657)-Chahin Godoy,A (1342) Chess.com 2021 1-0 
(33)}) 12. Bh4 a6 $146 ({RR} 12... Ne4 13. Bxe7 Qxe7 14. Ba6 Ndf6 15. Rc2 c5
16. dxc5 bxc5 17. Nxe4 Nxe4 18. Bxb7 Qxb7 19. Nd2 Nf6 20. b3 Rac8 21. Rfc1 Qb6
22. h3 Rfd8 23. Qf3 Re8 24. Nb1 Red8 25. Nc3 Qb4 26. Ne2 Qb6 27. Qf4 {Reiss,T 
(2294)-Svebis,M (2130) Balatonlelle 2001 1-0}) ({RR} 12... Ne4 13. Bxe7 Qxe7
14. Ba6 Ndf6 15. Bxb7 Qxb7 16. Nxe4 Nxe4 17. Ne5 Rfc8 18. Rc2 c5 19. Rfc1 c4
20. Qg4 Nf6 21. Qf3 b5 22. b3 cxb3 23. axb3 Rxc2 24. Rxc2 Rc8 25. Qd1 b4 26.
Qc1 Rxc2 27. Qxc2 {Perez Lucas,J-Aleman Juan,J Valencia 2009 0-1 (43)}) ({RR} 
12... Ne4 13. Bxe7 Qxe7 14. Ba6 Ndf6 15. Nxe4 Nxe4 16. Rc2 Bxa6 17. Qxa6 c5 18.
dxc5 bxc5 19. Nd2 Nf6 20. Rfc1 Rab8 21. Qa3 Nd7 22. Nb3 Qf6 23. Qxa7 Rfd8 24.
Nxc5 Nxc5 25. Qxc5 Rxb2 26. g3 Rxc2 27. Rxc2 {Mikrut,D (2372)-Duda,J (2247)
Krakow 2010 1-0 (45)}) 13. Rfd1 Re8 14. Bb1 Nf8 15. Ne5 N6d7 16. Bxe7 Qxe7 17.
Nd3 a5 18. Na4 Qd6 19. Qc2 Rab8 20. a3 Ba8 21. Qd2 Ne6 22. Rc2 c5 23. dxc5 bxc5
24. Qxa5 Rec8 25. Qd2 d4 26. f3 Bc6 27. Naxc5 Ndxc5 28. Nxc5 Nxc5 29. exd4 Nd7
30. b4 Ba4 31. Rxc8+ Rxc8 32. Re1 Nb6 33. Qe3 Rd8 34. Rc1 g6 35. Qxh6 Qxd4+ 36.
Kh1 Qd1+ 0-1

[Event "Floripa Chess Open 2024"]
[Site "Florianopolis"]
[Date "2024.01.27"]
[Round "9.102"]
[White "Do Carmo, Gabriel Carckeno"]
[Black "Lahoz, Cassiano"]
[Result "1-0"]
[WhiteElo "1869"]
[BlackElo "1592"]
[PlyCount "53"]
[EventDate "2024.01.20"]
[EventRounds "10"]
[EventCountry "BRA"]

1. c4 e5 2. Nc3 Nf6 3. Nf3 Nc6 4. e4 g6 5. d4 exd4 6. Nxd4 Nxd4 ({RR} 6... Bg7
7. Nxc6 bxc6 8. e5 Qe7 9. Qe2 Ng8 10. Bf4 Qe6 11. Ne4 Ne7 12. Ng5 Qf5 13. g3 d5
14. Bh3 Qxh3 15. Nxh3 Bxh3 16. e6 Bxe6 17. Be5 Bxe5 18. Qxe5 O-O-O 19. O-O-O
dxc4 20. Qc5 Nd5 21. Qxc6 {Aronian,L (2765)-Mamedyarov,S (2764) Saint Louis
USA 2019 1-0 (55)}) ({RR} 6... Qe7 7. Bg5 Bg7 8. Be2 Qc5 9. Be3 Ng4 10. Bxg4
Bxd4 11. Bxd4 Qxd4 12. Qxd4 Nxd4 13. O-O-O c5 14. Nd5 d6 15. Bxc8 Rxc8 16. b4
Kd7 17. b5 Ke6 18. h4 f6 19. Rh3 Rhf8 20. Ra3 f5 21. Rxa7 {Prithu,G (2444)
-Droin,A (2365) Europe-Echecs INT 2022 0-1 (64)}) 7. Qxd4 Bg7 8. Be3 $146 ({RR
} 8. Qe5+ Kf8 9. Bg5 h6 10. Bh4 Kg8 11. Qd4 Kh7 12. O-O-O c5 13. Qd3 Qe8 14. f3
a6 15. Qd6 Nh5 16. g4 Be5 17. Qxc5 d6 18. Rxd6 Bxg4 19. fxg4 Rc8 20. Qb6 Bxc3
21. gxh5 Bg7 22. hxg6+ fxg6 {Paglilla,C (2355)-Ricardi,P (2520) Buenos Aires
1986 1-0}) ({RR} 8. Bg5 h6 9. Qe5+ Kf8 10. Bh4 d6 11. O-O-O Bg4 12. f3 dxe5 13.
Rxd8+ Rxd8 14. fxg4 g5 15. Bf2 Nxg4 16. Bc5+ Kg8 17. Be2 Nf6 18. Rf1 Rd7 19.
Rf5 b6 20. Be3 Re7 21. Nd5 Nxd5 22. cxd5 Kh7 {Schermer,J-Spaan,H Haarlem 1986
1-0 (36)}) ({RR} 8. Bg5 h6 9. Qe5+ Kf8 10. Bxf6 Bxf6 11. Qg3 Bxc3+ 12. Qxc3 Kg8
13. O-O-O Kh7 14. f4 d6 15. e5 Qe7 16. exd6 cxd6 17. Re1 Be6 18. Bd3 Qd7 19.
Qf6 Rhe8 20. Kb1 Bf5 21. Bxf5 Qxf5+ 22. Qxf5 gxf5 {Kordts,F (1669)-Dalakian,H 
(1294) Willingen 2004 1/2-1/2 (61)}) 8... O-O 9. Qd2 b6 10. Be2 Bb7 11. f3 d6
12. O-O-O a6 13. g4 Qe7 14. h4 b5 15. h5 bxc4 16. Bxc4 Rfe8 17. hxg6 hxg6 18.
g5 Nh5 19. Rxh5 gxh5 20. g6 d5 21. Nxd5 Qe6 22. gxf7+ Qxf7 23. Nf6+ Bxf6 24.
Rg1+ Kf8 25. Bh6+ Ke7 26. Qb4+ Kd8 27. Bxf7 1-0

[Event "Floripa Chess Open 2024"]
[Site "Florianopolis"]
[Date "2024.01.27"]
[Round "9.103"]
[White "Perondi, Rodolfo Antonio"]
[Black "Paula Pinto, Mateus Arsenio"]
[Result "1-0"]
[WhiteElo "1840"]
[BlackElo "1640"]
[PlyCount "51"]
[EventDate "2024.01.20"]
[EventRounds "10"]
[EventCountry "BRA"]

1. e4 e5 2. Nf3 Nc6 3. Bc4 Bc5 4. c3 Nf6 5. d4 ({RR} 5. b4) ({RR} 5. d3) 5...
exd4 6. cxd4 ({RR} 6. e5 d5) 6... Bb4+ 7. Nc3 Nxe4 8. d5 ({RR} 8. O-O) 8...
Nxc3 9. bxc3 Bxc3+ 10. Bd2 Qe7+ ({RR} 10... Bxa1 11. Qxa1 Qe7+ 12. Be3 Nd8 13.
Qxg7 Qf8 14. Qe5+ Ne6 15. dxe6 fxe6 16. Qxc7 Rg8 17. Qf4 Qxf4 18. Bxf4 Rxg2 19.
Bg3 Kf7 20. Kf1 Rxg3 21. hxg3 Kg7 22. Ke2 d5 23. Bd3 h6 24. Ne5 b6 25. Rh4) 11.
Kf1 ({RR} 11. Be2 Bxd2+ 12. Qxd2 Ne5 13. O-O d6 14. Nxe5 dxe5 15. f4 exf4 16.
Bb5+ Kf8 17. Qd4) 11... Bxa1 12. Qxa1 Qe4 $146 ({RR} 12... Qc5 13. Qe1+ ({RR} 
13. Bb3) 13... Kd8 14. Bb3 f6 15. dxc6 bxc6 16. Kg1 Ba6 17. Bb4 Qb5 18. Qe7+
Kc8 19. h3 Kb7 20. Bf7 Qf1+ 21. Kh2 Qxf2 22. Rd1 Rad8 23. Rxd7 Rxd7 24. Qxd7
Bf1 25. Qg4 g5 26. Be1 h5 27. Qb4+ {Buyukgokcesu,S-Takemoto,H Teeside 1974 1-0
(39)}) 13. Bb3 Ne7 14. d6 Qd3+ 15. Kg1 Qxd6 16. Qxg7 Rf8 17. Ne5 Nd5 18. Bh6 c6
19. h4 f6 20. Nc4 Qe7 21. Qg3 b5 22. Nd6+ Kd8 23. Kh2 Ba6 24. f3 Kc7 25. Bxd5
Qxd6 26. Bf4 1-0

[Event "Floripa Chess Open 2024"]
[Site "Florianopolis"]
[Date "2024.01.27"]
[Round "9.104"]
[White "Vieira, Jose Renato Braga S"]
[Black "Silva, Henrique Brasil Bar"]
[Result "1/2-1/2"]
[WhiteElo "1839"]
[BlackElo "1590"]
[PlyCount "94"]
[EventDate "2024.01.20"]
[EventRounds "10"]
[EventCountry "BRA"]

1. d4 d5 2. c4 c6 3. Nf3 a6 4. Nc3 Nf6 5. Bf4 b5 6. cxd5 cxd5 7. e3 e6 8. Bd3 (
{RR} 8. a4 b4 9. Nb1 Bd6 10. Bg5 Bb7 11. Bd3 Nbd7 12. Nbd2 Qb6 13. a5 Qa7 14.
Qa4 O-O 15. O-O Rac8 16. Rfc1 h6 17. Bh4 Qa8 18. Bxf6 Nxf6 19. Ne5 Bxe5 20.
dxe5 Ng4 21. Nf3 Qb8 22. Qxb4 h5 {Spalir,J (2393)-Idrisova,R (1960) chess.com
INT 2020 1-0 (35)}) 8... Nc6 $146 ({RR} 8... Be7 9. O-O O-O 10. Ne5 Bb7 11. Qf3
Nfd7 12. Rac1 Nxe5 13. dxe5 Nd7 14. Ne2 Nc5 15. Bb1 Ne4 16. Qh3 g6 17. Rfd1 Qa5
18. Nd4 Rac8 19. Nb3 Qb6 20. Qf3 a5 21. Qe2 b4 22. Bg3 Ba6 23. Bd3 {Selivanov,
S-Bedarev,S Novokuznetsk 1998 1-0 (44)}) ({RR} 8... Be7 9. O-O Bb7 10. Rc1 Bc8
11. Ra1 Bb7 12. Rc1 O-O 13. a4 b4 14. Ne2 Nc6 15. Ne5 Nxe5 16. Bxe5 Bd6 17. f3
Bxe5 18. dxe5 Nd7 19. f4 Rc8 20. Rxc8 Qxc8 21. Qd2 Qc5 22. Rc1 Qb6 23. Nd4 {
Ninov,D (2219)-Nestorovic,L (2387) Obrenovac 2013 1/2-1/2 (45)}) 9. O-O Be7 10.
Rc1 Bd7 11. e4 Nb4 12. Bb1 Nh5 13. Be3 Nf6 14. a3 dxe4 15. Ne5 Nbd5 16. Nxe4
Nxe4 17. Bxe4 Rc8 18. Qh5 g6 19. Qh6 Bf8 20. Qh3 Rxc1 21. Rxc1 Bg7 22. Bh6 Bxh6
23. Qxh6 Rf8 24. Qxh7 Nf6 25. Qh4 g5 26. Qxg5 Nxe4 27. Qh6 Qg5 28. Qxg5 Nxg5
29. Rc7 f6 30. Nxd7 Rf7 31. h4 Ne4 32. f3 Nd6 33. Nxf6+ Rxf6 34. Rc6 Kd7 35.
Rxa6 Rh6 36. g3 Rh5 37. Kf2 Ke7 38. a4 bxa4 39. Rxa4 Rb5 40. b4 Nf5 41. Ra5
Rxb4 42. d5 Rb2+ 43. Kg1 exd5 44. Rxd5 Nxg3 45. Rg5 Ne2+ 46. Kf2 Nd4+ 47. Ke3
Nxf3 1/2-1/2

[Event "Floripa Chess Open 2024"]
[Site "Florianopolis"]
[Date "2024.01.27"]
[Round "9.105"]
[White "Bashtavenko, Aleksey"]
[Black "Marques Junior, Marcos Antonio"]
[Result "1/2-1/2"]
[WhiteElo "1553"]
[BlackElo "1818"]
[PlyCount "109"]
[EventDate "2024.01.20"]
[EventRounds "10"]
[EventCountry "BRA"]

1. d4 d5 2. Nc3 Nf6 3. Bg5 c6 4. Nf3 h6 5. Bf4 ({RR} 5. Bh4 g6 6. e3 Bg7 7. Bd3
Bg4 8. h3 Bxf3 9. Qxf3 Nbd7 10. Bg3 O-O 11. Bh2 Re8 12. O-O e5 13. Qd1 Qb6 14.
Na4 Qa5 15. c3 b5 16. Nc5 Nxc5 17. dxc5 b4 18. cxb4 Qxb4 19. Qc2 e4 {Deepan,C 
(2535)-Moskalenko,A (2515) chess.com INT 2020 1/2-1/2 (75)}) ({RR} 5. Bxf6 exf6
6. e4 dxe4 7. Nxe4 f5 8. Nc3 Bd6 9. Bc4 O-O 10. O-O Nd7 11. Re1 Nb6 12. Bb3 Qf6
13. Qd3 Rd8 14. Rad1 Bc7 15. Qe2 Bd7 16. Qe7 Qxe7 17. Rxe7 Rf8 18. Ne5 Bxe5 19.
dxe5 Rae8 {Al Tarbosh,W (2256)-Karthik,R (2276) chess.com INT 2023 1-0 (43)})
5... Bf5 6. e3 e6 7. Bd3 Be7 $146 ({RR} 7... Bb4 8. Bxf5 Bxc3+ 9. bxc3 exf5 10.
Qd3 Qa5 11. O-O Nbd7 12. c4 dxc4 13. Qxc4 O-O 14. Qb3 Nb6 15. Bd6 Rfe8 16. c4
Qa4 17. Rfc1 Ne4 18. Be5 f6 19. Bc7 Qxb3 20. axb3 Kf7 21. h3 g5 22. Ne1 {
Svensson,L (2120)-Breitfeld,J (2011) Dresden 2013 1-0 (51)}) ({RR} 7... Bxd3 8.
Qxd3 Bd6 9. Bg3 Qc7 10. Ne5 Nbd7 11. f4 a6 12. O-O O-O 13. Bh4 c5 14. Nxd7 Nxd7
15. Ne2 f5 16. c3 c4 17. Qc2 Nf6 18. h3 Ne4 19. Ng3 Nxg3 20. Bxg3 g5 21. Qe2
Qf7 22. Qf3 {Bocionek,D (2004)-Wendland,G (1891) Magdeburg 2015 1/2-1/2 (36)})
8. O-O O-O 9. Ne5 Bxd3 10. Qxd3 c5 11. Ne2 Nh5 12. c3 Nc6 13. Nxc6 bxc6 14. e4
Nxf4 15. Nxf4 cxd4 16. Qxd4 Qb8 17. Nd3 Qb6 18. Qxb6 axb6 19. exd5 cxd5 20. a3
Bf6 21. Rfe1 Rfd8 22. Ne5 Rac8 23. Rad1 h5 24. g3 Be7 25. Nd3 h4 26. Nf4 Bd6
27. Ng2 hxg3 28. hxg3 g6 29. Ne3 Kg7 30. Rd3 Bc5 31. Red1 Rh8 32. Kg2 Be7 33.
Rh1 Rxh1 34. Kxh1 g5 35. g4 Bf6 36. Kg2 Be5 37. Nc2 Bf4 38. b3 Rh8 39. Rh3 Rxh3
40. Kxh3 Bd2 41. c4 Kf6 42. cxd5 exd5 43. Kg3 Ke5 44. Kf3 Bc1 45. a4 Bf4 46.
Ke2 Bc1 47. b4 Bb2 48. a5 bxa5 49. bxa5 Kd6 50. a6 Kc7 51. Kd3 Kb6 52. Nb4 d4
53. a7 Kxa7 54. Nc6+ Kb6 55. Nxd4 1/2-1/2

[Event "Floripa Chess Open 2024"]
[Site "Florianopolis"]
[Date "2024.01.27"]
[Round "9.106"]
[White "Menezes, Jose Eduardo Carnei"]
[Black "Ferreira, Carlos Eduardo"]
[Result "1/2-1/2"]
[WhiteElo "1813"]
[BlackElo "1568"]
[PlyCount "228"]
[EventDate "2024.01.20"]
[EventRounds "10"]
[EventCountry "BRA"]

1. e4 c5 2. Nf3 Nc6 3. d4 cxd4 4. Nxd4 g6 5. Be3 Bg7 6. Nc3 Nf6 7. Bc4 O-O 8.
Bb3 Ng4 9. Qxg4 Nxd4 10. Qd1 Nxb3 11. axb3 a6 12. O-O d6 13. Qd2 Re8 $146 ({RR
} 13... Be6 14. f4 Bxc3 15. bxc3 f5 16. exf5 Rxf5 17. Rae1 Qd7 18. Bd4 Rf7 19.
c4 h5 20. Bb2 Bf5 21. h3 h4 22. Re2 Kf8 23. Rfe1 Rh7 24. Qd4 Re8 25. Ba3 Rd8
26. c5 dxc5 27. Qxc5 Qd4+ 28. Qxd4 {Hector,J (2614)-Jaderberg,B (2226) Sweden
2009 1-0 (35)}) ({RR} 13... Bd7 14. Rad1 Bc6 15. Bd4 Bxd4 16. Qxd4 Qc7 17. Rfe1
Rfe8 18. Rd2 Rac8 19. h3 Qa5 20. e5 Rcd8 21. e6 f6 22. Kh2 Qg5 23. f4 Qc5 24.
Red1 Qxd4 25. Rxd4 f5 26. Ne2 Be4 27. R4d2 Rc8 28. Nd4 {Grose,K (1800)
-Bjorkman,F (2040) Reykjavik ISL 2023 1/2-1/2 (48)}) ({RR} 13... Be6 14. f4 Rc8
15. f5 Bd7 16. Nd5 Rc6 17. Rf3 Bf6 18. Bh6 Re8 19. Raf1 Rc8 20. fxg6 fxg6 21.
Rxf6 exf6 22. Nxf6+ Kh8 23. Nxe8 Qxe8 24. Rf8+ Qxf8 25. Bxf8 Rxf8 26. Qxd6 Rf7
27. e5 Bb5 28. c4 {Waugh,R-Marks,N Bristol 1968 1-0}) 14. Nd5 Be6 15. Bb6 Qd7
16. Nc7 Qc6 17. Nxa8 Rxa8 18. Be3 Qxe4 19. Ra4 Qf5 20. Ra5 Qe4 21. c4 Rc8 22.
f3 Qc6 23. Bd4 Bxd4+ 24. Qxd4 Rc7 25. Raa1 b5 26. Rfc1 Rb7 27. c5 Rd7 28. b4
dxc5 29. Qxc5 Qd6 30. Qxd6 Rxd6 31. Rd1 Bd5 32. Rac1 e6 33. Kf2 Kg7 34. Ke3 Rd7
35. Ra1 Rd6 36. Ra3 Kf6 37. g3 h6 38. Rc3 Rd7 39. f4 Kf5 40. h3 h5 41. Ra1 Rd6
42. Rg1 Kf6 43. g4 hxg4 44. hxg4 g5 45. Rd1 Kg6 46. Rc8 Kf6 47. Rd2 Rd7 48. Rg8
gxf4+ 49. Kxf4 Rc7 50. g5+ Ke7 51. Ke5 Rc4 52. Rd4 Rc2 53. Rf4 Re2+ 54. Kd4 e5+
55. Kd3 Rxb2 56. Rh4 Rb3+ 57. Kc2 Rg3 58. Rh6 Be6 59. Kd2 Rg4 60. g6 Rd4+ 61.
Ke3 fxg6 62. Rgxg6 Bf5 63. Rg7+ Kf8 64. Ra7 Kg8 65. Rb6 Rd3+ 66. Ke2 Rd8 67.
Rbxa6 Bd3+ 68. Ke3 e4 69. Rg6+ Kh8 70. Rgg7 Re8 71. Rh7+ Kg8 72. Rag7+ Kf8 73.
Rg4 Re6 74. Rgg7 Re8 75. Rf7+ Kg8 76. Rhg7+ Kh8 77. Rg1 Re5 78. Rf8+ Kh7 79.
Rfg8 Rh5 80. R8g7+ Kh8 81. Rg8+ Kh7 82. R1g3 Rh4 83. R3g7+ Kh6 84. Rh8+ Kxg7
85. Rxh4 Kf6 86. Kf4 Ke6 87. Rh5 Kd6 88. Ke3 Ke6 89. Kd4 Kf6 90. Re5 Kf7 91.
Kd5 Kf6 92. Kd6 Kg6 93. Kd5 Kf6 94. Kd4 Kf7 95. Rh5 Kg6 96. Rh2 Kg5 97. Rf2 Kg4
98. Ke3 Kg5 99. Rf8 Kg4 100. Rf7 Kg5 101. Rc7 Kf5 102. Rc5+ Ke6 103. Kd4 Kd6
104. Rh5 Ke6 105. Ke3 Kf6 106. Kf4 Ke6 107. Re5+ Kd6 108. Rc5 Ke6 109. Ke3 Kd6
110. Kd4 Ke6 111. Rc1 Kf5 112. Ke3 Ke5 113. Rc5+ Ke6 114. Kd4 Kd6 1/2-1/2

[Event "Floripa Chess Open 2024"]
[Site "Florianopolis"]
[Date "2024.01.27"]
[Round "9.108"]
[White "Samaniego, Diego Pinheiro"]
[Black "Santos, Marcos Correia"]
[Result "1-0"]
[WhiteElo "1806"]
[BlackElo "1564"]
[PlyCount "99"]
[EventDate "2024.01.20"]
[EventRounds "10"]
[EventCountry "BRA"]

1. e4 c5 2. Nf3 a6 3. a4 d6 ({RR} 3... Nc6 4. Bc4 Nf6 5. e5 d5 6. exd6 exd6 7.
O-O d5 8. Re1+ Be7 9. Bf1 O-O 10. h3 Bf5 11. d3 Bd6 12. Nc3 h6 13. Bd2 Rc8 14.
Qc1 Nb4 15. Nd1 Bh7 16. Ne3 Qd7 17. g4 c4 18. dxc4 {Xheladini,M (2247)-Djuric,
S (2460) Basel 2006 0-1 (34)}) 4. Bc4 ({RR} 4. c4 Nc6 5. Nc3 g6 6. d4 cxd4 7.
Nxd4 Bg7 8. Be3 Nf6 9. f3 O-O 10. Be2 e6 11. O-O d5 12. Nxc6 bxc6 13. cxd5 cxd5
14. exd5 exd5 15. Bd4 Re8 16. Re1 Rb8 17. Qd2 Qa5 18. Qf4 Rb4 {Srivatsan
Karthikeyan (1813)-Colbow,C (2383) chess.com INT 2023 0-1}) 4... e6 5. Qe2 $146
({RR} 5. O-O Nf6 6. Re1 Be7 7. d4 cxd4 8. Qxd4 O-O 9. Nbd2 {1-0 (9) Winfield,
J-Bolter,C Detroit East 1983}) ({RR} 5. O-O Be7 6. Re1 Nd7 7. c3 b6 8. d4 Bb7
9. d5 e5 10. Nbd2 Ngf6 11. Nf1 Nf8 12. Ng3 Bc8 13. h3 h5 14. b4 Rb8 15. Rb1 Qc7
16. Qe2 Ra8 17. bxc5 bxc5 18. Nh4 g6 19. Nf3 Qa5 {Altman,J (1563)-Anbukumar,H 
(1634) Brighton 2013 1-0 (53)}) 5... Nc6 6. O-O Nf6 7. c3 Be7 8. d4 O-O 9. Rd1
d5 10. Bd3 dxe4 11. Bxe4 Nxe4 12. Qxe4 Qb6 13. Na3 Qb3 14. Nc2 cxd4 15. cxd4
Nb4 16. Ne3 Nc6 17. Bd2 Bf6 18. Bc3 g6 19. Nd2 Qb6 20. Ndc4 Qc7 21. d5 Bxc3 22.
d6 Qd8 23. bxc3 Bd7 24. a5 Qf6 25. Nb6 Rad8 26. c4 Qe5 27. Qxe5 Nxe5 28. f4 Nc6
29. c5 e5 30. Nxd7 Rxd7 31. fxe5 Nxe5 32. Nd5 f5 33. Re1 Nd3 34. Re7 Rxe7 35.
dxe7 Rc8 36. e8=Q+ Rxe8 37. Nf6+ Kf7 38. Nxe8 Kxe8 39. Rb1 Nxc5 40. Kf2 Kd7 41.
Ke3 Kc6 42. Kd4 Nd7 43. Rc1+ Kd6 44. Rc2 b5 45. axb6 Nxb6 46. Ra2 Kc7 47. Rxa6
Nd7 48. h3 Nf8 49. Ke5 Nd7+ 50. Kf4 1-0

[Event "Floripa Chess Open 2024"]
[Site "Florianopolis"]
[Date "2024.01.27"]
[Round "9.109"]
[White "Da Silva, Kauan Salvagni Tele"]
[Black "Godinho, Bruno Cesar Ferreir"]
[Result "1/2-1/2"]
[WhiteElo "1517"]
[BlackElo "1802"]
[PlyCount "95"]
[EventDate "2024.01.20"]
[EventRounds "10"]
[EventCountry "BRA"]

1. Nf3 d5 2. e3 c5 3. d4 Nf6 4. b3 Bf5 5. Bd3 Bxd3 6. Qxd3 e6 7. O-O Nc6 8. Bb2
Be7 $146 ({RR} 8... Bd6 9. h3 O-O 10. Ne5 Ne4 11. a3 Qc7 12. Nxc6 bxc6 13. Nd2
f5 14. Nxe4 fxe4 15. Qe2 cxd4 16. exd4 Rf6 17. f3 exf3 18. Rxf3 Raf8 19. Raf1
Rxf3 20. Rxf3 Rxf3 21. Qxf3 c5 22. Qe2 Qe7 23. a4 {Do Thi Diem,T-Do Ngoc My,L
Ha Tinh 2000 0-1 (34)}) 9. a3 O-O 10. Nbd2 Rc8 11. Rac1 Nd7 12. Rfd1 Bf6 13. c4
Re8 14. Qb1 a6 15. cxd5 exd5 16. dxc5 Bxb2 17. Qxb2 Nce5 18. Qd4 Nxf3+ 19. Nxf3
Nf6 20. b4 Re4 21. Qb2 Rg4 22. Ne5 Rh4 23. Nc4 Qc7 24. Nd6 Rd8 25. h3 Qd7 26.
Qe5 Rh5 27. Qf4 Rh6 28. Qf5 Qc6 29. Qf3 Rg6 30. a4 Qd7 31. b5 axb5 32. axb5 b6
33. Nc4 Qxb5 34. Nxb6 Qc6 35. e4 d4 36. Nd5 Nxd5 37. exd5 Rxd5 38. Re1 h6 39.
Re7 Rf6 40. Qe4 Re6 41. Rxe6 fxe6 42. Rd1 e5 43. f4 Rxc5 44. Qxc6 Rxc6 45. fxe5
Rc4 46. Kf2 Kf7 47. Kf3 Rc5 48. Rxd4 1/2-1/2

[Event "Floripa Chess Open 2024"]
[Site "Florianopolis"]
[Date "2024.01.27"]
[Round "9.110"]
[White "Correia, Pedro Bavaresco"]
[Black "Mauro, Roberto Da Silva"]
[Result "1-0"]
[WhiteElo "1796"]
[BlackElo "1562"]
[PlyCount "77"]
[EventDate "2024.01.20"]
[EventRounds "10"]
[EventCountry "BRA"]

1. d4 d5 2. c4 e6 3. Nc3 Nf6 4. cxd5 exd5 5. Bg5 Be7 6. e3 O-O 7. Bd3 Re8 8.
Qc2 Nbd7 9. Nge2 Nf8 10. O-O c6 11. f3 b5 12. Nb1 $146 ({RR} 12. Kh1 Bd7 13.
Rae1 Ng6 14. Nf4 Nxf4 15. Bxf4 h6 16. e4 dxe4 17. fxe4 Nh5 18. Be3 Bg5 19. e5
Bxe3 20. Rxe3 Be6 21. Be2 Qg5 22. Qd2 f5 23. Rd3 Bc4 24. Qxg5 hxg5 25. Re3 Bxe2
26. Nxe2 f4 {Kanarek,M (2130)-Kulon,K (2077) Mielno 2006 1-0 (45)}) ({RR} 12.
Kh1 Bb7 13. Rad1 h6 ({RR} 13... a6 14. Bxf6 Bxf6 15. e4 Rc8 16. e5 Be7 17. f4
c5 18. dxc5 Bxc5 19. Bf5 Rc7 20. Qb3 d4 21. Be4 Ne6 22. Bxb7 Rxb7 23. f5 Ng5
24. e6 fxe6 25. Nf4 Kh8 26. Nxe6 Nxe6 27. fxe6 Qh4 28. Qd5) 14. Bh4 Ne6 15. Bf2
Rc8 16. Bf5 c5 17. Nxb5 cxd4 18. Qd2 dxe3 19. Bxe3 Bc5 20. Bxc5 Rxc5 21. a4 Ba6
22. Bd3 Qb8 23. b4 Rcc8 24. Rfe1 Red8 25. Qb2 d4 26. Nexd4 Nxd4 {Radjabov,T  
(2723)-Korobov,A (2672) Samarkand UZB 2023 0-1 (39)}) ({RR} 12. Bh4 a6 13. Bf2
Bb7 14. Kh1 Rc8 15. Bf5 Rc7 16. e4 dxe4 17. fxe4 c5 18. Bg3 Rc6 19. Rad1 Nh5
20. dxc5 Nxg3+ 21. Nxg3 Qb8 22. b4 Rh6 23. Bh3 Bf6 24. Nd5 Be5 25. Qf2 Bxg3 26.
Qxf7+ Kh8) ({RR} 12. e4 b4 13. Na4 dxe4 14. fxe4 Nxe4 15. Bxe4 Bxg5 16. Bxc6
Qc7 17. Bxe8 Qxc2 18. Bxf7+ Kh8 19. Bb3 Qf5 20. Ng3 Be3+ 21. Kh1 Qxf1+ 22. Rxf1
Ba6 23. Rd1 Rd8 24. Nc5 Bc8 25. Ne2 Bg4 26. Rd3 Bg5) ({RR} 12. Rad1 Qb6 13. Bh4
a6 14. Bf2 c5 15. dxc5 Bxc5 16. Nd4 Ne6 17. Nce2 Bd7 18. Qd2 Rad8 19. Rc1 g6
20. Nb3 Bf8 21. Ned4 Nxd4 22. exd4 Nh5 23. Nc5 Bc8 24. g4 Nf4 25. Qxf4 Bd6 26.
Qd2 Qb8 {Hua,L (2305)-Tikhonov,V (2177) chess.com INT 2023 1-0 (44)}) ({RR} 12.
Rad1 Bb7 13. Kh1 a6 14. Bxf6 Bxf6 15. e4 Rc8 16. e5 Be7 17. f4 c5 18. dxc5 Bxc5
19. Bf5 Rc7 20. Qb3 d4 21. Be4 Ne6 22. Bxb7 Rxb7 23. f5 Ng5 24. e6 fxe6 25. Nf4
Kh8 26. Nxe6 Nxe6 {Hellsten,J (2548)-Soppe,G (2435) Pinamar 2004 1-0 (40)})
12... Qb6 13. Nd2 Bb7 14. Nb3 N6d7 15. Bf4 a5 16. Bf5 Rac8 17. a4 g6 18. Bh3 c5
19. dxc5 Rxc5 20. Nxc5 Bxc5 21. Qd2 Bxe3+ 22. Bxe3 Rxe3 23. Nd4 Re5 24. axb5 f5
25. Kh1 Ne6 26. Nxe6 Qxe6 27. Qxa5 d4 28. Rae1 Re3 29. Rxe3 Qxe3 30. Re1 Qf4
31. Qd8+ Nf8 32. Qe7 Bd5 33. b6 d3 34. Qd8 Qc4 35. Qg5 Qb4 36. Qe3 d2 37. Rd1
Qxb2 38. Qxd2 Qxd2 39. Rxd2 1-0

[Event "Floripa Chess Open 2024"]
[Site "Florianopolis"]
[Date "2024.01.27"]
[Round "9.111"]
[White "Milkievicz Da Rocha, Mateus"]
[Black "Silva, Ezequiel Demetras"]
[Result "0-1"]
[WhiteElo "1468"]
[BlackElo "1793"]
[PlyCount "62"]
[EventDate "2024.01.20"]
[EventRounds "10"]
[EventCountry "BRA"]

1. e4 c5 2. Nf3 d6 3. d4 cxd4 4. Nxd4 Nf6 5. Bg5 ({RR} 5. Bc4 Qb6 6. Nb3 e6 7.
O-O Be7 8. Be3 Qc7 9. f4 a6 10. Bd3 {1/2-1/2 (10) Todorovic,G (2426)-Popovic,P
(2490) Vrnjacka Banja 1999}) 5... Nxe4 6. Be3 ({RR} 6. Bh4 Qb6 7. Nb3 Nc6 8.
Bd3 Qb4+ 9. c3 Nxc3 10. Nxc3 Qxh4 11. O-O e6 12. Re1 Be7 13. Rc1 O-O 14. Nb5 d5
15. Nd2 Bd7 16. a3 a6 17. Nf3 Qf6 18. Nc3 Rac8 19. Qe2 Bd6 20. Na4 Nd4 {
Pereira,F (1474)-Pimenta,E (1829) Florianopolis BRA 2024 0-1 (36)}) 6... Nc6 7.
Nb3 $146 ({RR} 7. Bb5 Bd7 8. Qf3 Nxd4 9. Bxd4 Bxb5 10. Qxe4 Bc6 11. Qg4 e5 12.
Be3 Qd7 13. Qxd7+ Bxd7 14. O-O Be7 15. Nc3 Bc6 16. b4 Rc8 17. Ne2 Bb5 18. Rae1
Rxc2 19. Ra1 Bxe2 20. Rfc1 Rxc1+ 21. Rxc1 O-O {Soelbrandt,R (1071)-Sennholz,M 
(1222) Dortmund 2003 0-1 (54)}) ({RR} 7. Bd3 d5 8. Nxc6 bxc6 9. Bxe4 dxe4 10.
Nc3 Qxd1+ 11. Rxd1 f5 12. Bd4 e6 13. O-O Rg8 14. f3 exf3 15. Rxf3 Be7 16. Re1
Kf7 17. Na4 Rd8 18. c3 Rd5 19. Be5 Ba6 20. b3 Rad8 21. c4 Rd1 {Fiedorek,M  
(2333)-Martin,L (2135) chess.com INT 2023 0-1 (34)}) 7... g6 8. c3 Bg7 9. N1d2
Nf6 10. Be2 Be6 11. Nd4 Bd7 12. O-O Nd5 13. Ne4 Nxe3 14. fxe3 Ne5 15. Qb3 b6
16. Rad1 O-O 17. Bc4 Nxc4 18. Qxc4 Bg4 19. Nf3 Qc8 20. Qb4 h6 21. Rd2 Qe6 22.
Rdf2 Bxf3 23. Rxf3 Rac8 24. Nd2 Qxa2 25. Qe4 Qe6 26. Qb7 a5 27. Qxb6 Qd5 28.
Nb1 Rb8 29. Qc7 Rb7 30. e4 Qb5 31. c4 Qa6 0-1